000 00870cam a2200337 4500
008 090401t1994 xxu||||| |||| 00| 0 eng d
020 _a0117530166
035 _a(Sirsi) u76979
041 _aeng
050 _a711.309423
110 _aUnited Kingdom
_bDepartment of the Environment
_9982
245 _aRegional planning guidance for the South West.
260 _aLondon
_bHMSO
_c1994
300 _a25p. : ill.,maps ; 30cm.
350 _a7.95
490 _aRPG
_v10
520 _aSuperseded by 2001 edition (ISBN 0117536032).
650 _aAVON
650 _aCORNWALL
650 _aDEVON
650 _aDORSET
650 _aGLOUCESTERSHIRE
650 _aREGIONAL PLANNING
650 _aRPG10
650 _aSOMERSET
650 _aSOUTH WEST
650 _aWILTSHIRE
690 _aPLANNING LAW AND PRACTICE
942 _n0
948 _c04/03/1997
999 _c96268
_d96268